| 000 | 00733nam a22002057a 4500 | ||
|---|---|---|---|
| 999 |
_c17885 _d17885 |
||
| 003 | AR-CdUCM | ||
| 008 | 190510b ||||| |||| 00| 0 spa d | ||
| 040 |
_aMUNICIPALIDAD PROVINCIAL DEL CUSCO _cBIBLIOTECA MUNICIPAL DEL CUSCO |
||
| 082 |
_a131.34 / _bJ89 |
||
| 100 |
_aJung, C. G. _935447 |
||
| 245 | _aLo inconsciente / | ||
| 260 |
_aBuenos Aires : _bLosada, _c1938. |
||
| 300 |
_a135 páginas ; _c20 cm. |
||
| 505 | _aContenido : Comienzos del psicoanálisis -- Teoría sexual -- El método sintético o constructivo -- La concepción del inconsciente. | ||
| 650 |
_aEsencia de la psicología _938098 |
||
| 650 |
_aProblema de lo inconciente _938099 |
||
| 650 |
_aTeoría sexual _938100 |
||
| 942 |
_2ddc _cLIBROS |
||
| 945 | _arcc | ||